Statistics for Name The NFL Stars

Click here to take the quiz!

General Stats

  • This quiz has been taken 33 times
  • The average score is 9 of 15

Answer Stats

WR Answer % Correct
QBBrady
96%
WRJones
88%
WRBrown
75%
QBRodgers
71%
TEGronkowski
71%
RBBell
67%
QBRyan
58%
WRBeckham
58%
CBSherman
54%
DEWatt
54%
CBPeterson
54%
RBElliott
46%
RBFreeman
33%
DEMack
25%
SMathieu
21%

Score Distribution

Percentile by Number Answered

Percent of People with Each Score

Your Score History

You have not taken this quiz